Cargando...
1991 : how P.V. Narasimha Rao made history /
Political biography of P.V. Narasimha Rao, 1921-2004, former prime minister of India.
| Autor principal: | |
|---|---|
| Formato: | Printed Book |
| Lenguaje: | English |
| Publicado: |
New Delhi :
Aleph,
2016
|
| Materias: |
| LEADER | 01082cam a2200265 i 4500 | ||
|---|---|---|---|
| 008 | 170120s2016 ii b 001 0beng | ||
| 010 | |a 2016334640 | ||
| 020 | |a 9789384067687 | ||
| 042 | |a lcode | ||
| 082 | |a 954.052 | ||
| 100 | |a Baru, Sanjaya |9 1580540 |d 1954 - | ||
| 245 | 1 | 0 | |a 1991 : |b how P.V. Narasimha Rao made history / |c Sanjaya Baru. |
| 260 | |a New Delhi : |b Aleph, |c 2016 | ||
| 300 | |a 216 p. ; |c 23 cm | ||
| 504 | |a Includes bibliographical references (pages 198-208) and index. | ||
| 520 | |a Political biography of P.V. Narasimha Rao, 1921-2004, former prime minister of India. | ||
| 600 | 1 | 0 | |a Narasimha Rao, P. V., |d 1921-2004. |
| 650 | 0 | |a Prime ministers |z India |v Biography. | |
| 651 | 0 | |a India |x Politics and government |y 1977- | |
| 651 | 0 | |a India |x Economic policy |y 1991- | |
| 906 | |a 7 |b cbc |c origode |d 3 |e ncip |f 20 |g y-gencatlg | ||
| 942 | |c BK | ||
| 955 | |i wd39 2017-04-18 |a cb08 2018-04-30 to CALM | ||
| 999 | |c 348908 |d 348908 | ||
| 952 | |0 0 |1 0 |2 ddc |4 0 |6 954_052000000000000_BAR_O |7 0 |9 402495 |a UL |b UL |c ST1 |d 2020-02-18 |g 431.28 |l 0 |o 954.052 BAR/O |p 102210 |r 2020-02-18 |v 599.00 |y BK | ||